[Event "Open A Befana"]
[Site "Milano ITA"]
[Date "2010.01.03"]
[Round "3"]
[White "Papa, Angelo"]
[Black "Parenti, Davide"]
[Result "1/2-1/2"]
[WhiteElo "1852"]
[BlackElo "2037"]
[PlyCount "71"]
[EventDate "2010.01.02"]

1. d4 Nf6 2. Nf3 d5 3. c4 e6 4. cxd5 exd5 5. Nc3 c6 6. Bg5 Be7 7. Qc2 Nbd7 8.
e3 O-O 9. Bd3 Re8 10. O-O Nf8 11. Bxf6 Bxf6 12. b4 Bg4 13. Nd2 Bh5 14. Na4 Bg6
15. Nc5 b6 16. Ncb3 Rc8 17. Rfc1 Ne6 18. Rab1 Be7 19. Bxg6 hxg6 20. a3 a5 21.
Na1 axb4 22. axb4 Bd6 23. Qa4 c5 24. bxc5 bxc5 25. dxc5 Nxc5 26. Qd1 d4 27.
exd4 Nd3 28. Rxc8 Qxc8 29. Nf3 Qf5 30. Nc2 Qe4 31. Nce1 Nf4 32. Qc2 Ne2+ 33.
Kf1 Nxd4 34. Qxe4 Rxe4 35. Nxd4 Rxd4 36. Nf3 1/2-1/2

[Event "Open A Befana"]
[Site "Milano ITA"]
[Date "2010.01.03"]
[Round "3"]
[White "Papale, Carmelo"]
[Black "Radice, Luca"]
[Result "0-1"]
[WhiteElo "1876"]
[BlackElo "2084"]
[PlyCount "74"]
[EventDate "2010.01.02"]

1. e4 e6 2. d4 d5 3. Nc3 Bb4 4. e5 Qd7 5. a3 Bxc3+ 6. bxc3 b6 7. a4 Ba6 8. Nf3
Bxf1 9. Kxf1 Nc6 10. Qd3 Na5 11. Nd2 Qc6 12. Qb5 Ne7 13. Ba3 a6 14. Qxc6+ Nexc6
15. Ke2 O-O-O 16. f4 g6 17. g4 h5 18. h3 hxg4 19. hxg4 Nb7 20. Nf3 Rde8 21. Ng5
Ncd8 22. Raf1 c5 23. Kd3 Kc7 24. Nh7 Kc6 25. Rh6 Na5 26. f5 gxf5 27. gxf5 Reg8
28. fxe6 fxe6 29. Rh3 Rg2 30. dxc5 bxc5 31. Rf8 Rxf8 32. Nxf8 Nc4 33. Bc1 Nxe5+
34. Ke3 Rxc2 35. Kf4 Kd6 36. Be3 Rxc3 37. Rh7 d4 0-1

[Event "Open A Befana"]
[Site "Milano ITA"]
[Date "2010.01.03"]
[Round "3"]
[White "Rossi, Giampiero"]
[Black "Nepi, Ezio"]
[Result "1/2-1/2"]
[WhiteElo "1922"]
[BlackElo "1862"]
[PlyCount "87"]
[EventDate "2010.01.02"]

1. d4 d5 2. c4 c6 3. cxd5 cxd5 4. Nc3 Nf6 5. Nf3 Nc6 6. Bf4 a6 7. e3 Bg4 8. Be2
e6 9. Qb3 Bd6 10. Qxb7 Na5 11. Qxa8 Qxa8 12. Bxd6 Nc4 13. Bg3 O-O 14. b3 Na3
15. O-O Ne4 16. Na4 Nxg3 17. hxg3 Nb5 18. Rac1 Nd6 19. Rfe1 Bxf3 20. gxf3 Rc8
21. Nc5 a5 22. Rc3 h5 23. Rec1 h4 24. gxh4 g6 25. Bd3 Kg7 26. Kg2 Rh8 27. Rh1
Qd8 28. Rcc1 Rh5 29. f4 Rxh4 30. Kg3 Rxh1 31. Rxh1 Qb8 32. a3 Ne8 33. Kf3 Nf6
34. Rb1 Qc8 35. Ke2 Qh8 36. Rf1 Qh2 37. b4 axb4 38. axb4 Ng4 39. b5 Qh5 40. Ke1
Nh2 41. Be2 Qf5 42. Bd3 Qh5 43. Be2 Qf5 44. Bd3 1/2-1/2

[Event "Open A Befana"]
[Site "Milano ITA"]
[Date "2010.01.03"]
[Round "3"]
[White "Santelli, Francesco"]
[Black "Arboscelli, Gregorio"]
[Result "1/2-1/2"]
[WhiteElo "1824"]
[BlackElo "1885"]
[PlyCount "71"]
[EventDate "2010.01.02"]

1. e4 e5 2. Nc3 Nf6 3. Nf3 Nc6 4. d4 exd4 5. Nxd4 Bb4 6. Bg5 h6 7. Nxc6 bxc6 8.
Bd2 d5 9. exd5 cxd5 10. Qe2+ Qe7 11. a3 Bc5 12. Qxe7+ Kxe7 13. Bd3 c6 14. O-O
Be6 15. Rae1 Rhe8 16. b4 Bd6 17. Ne2 Kf8 18. c3 Rec8 19. Nd4 Bd7 20. Nf5 Bc7
21. Be3 Bxf5 22. Bxf5 Rd8 23. Bc5+ Bd6 24. Bd4 Nd7 25. Be3 a5 26. Ra1 Be5 27.
Rfc1 axb4 28. Bxd7 Rxd7 29. Bc5+ Bd6 30. cxb4 Bxc5 31. Rxc5 Rda7 32. Rxc6 Rxa3
33. Rxa3 Rxa3 34. Kf1 Rb3 35. Rd6 Rxb4 36. Rxd5 1/2-1/2

[Event "Open A Befana"]
[Site "Milano ITA"]
[Date "2010.01.03"]
[Round "3"]
[White "Soncin, Denis"]
[Black "Barberi, Alessandro"]
[Result "0-1"]
[WhiteElo "2038"]
[BlackElo "2112"]
[PlyCount "70"]
[EventDate "2010.01.02"]

1. e4 g6 2. d4 Bg7 3. Nf3 d6 4. Nc3 a6 5. a4 Nd7 6. Be3 h6 7. Be2 e5 8. O-O Ne7
9. Qd2 f5 10. dxe5 Nxe5 11. Nxe5 Bxe5 12. Rad1 fxe4 13. Nxe4 Nf5 14. Bf4 Bxf4
15. Qxf4 O-O 16. Bc4+ Kh7 17. Ng3 Bd7 18. Bd3 Nh4 19. Qb4 Bc6 20. Qg4 Bxg2 21.
Bxg6+ Nxg6 22. Kxg2 Rf4 23. Qe6 Qf8 24. Rde1 Nh4+ 25. Kh3 Nf3 26. Qe7+ Kg8 27.
Qxf8+ Raxf8 28. Ne2 Re4 29. Kg3 Nxe1 30. Rxe1 Rfe8 31. Kf3 d5 32. b3 c5 33. h3
b5 34. a5 d4 35. h4 c4 0-1

[Event "Open A Befana"]
[Site "Milano ITA"]
[Date "2010.01.03"]
[Round "3"]
[White "Tagliaferri, Valerio"]
[Black "Marchini, Daniele"]
[Result "1-0"]
[WhiteElo "1861"]
[BlackElo "1802"]
[PlyCount "107"]
[EventDate "2010.01.02"]

1. d4 Nf6 2. c4 g6 3. Nc3 d5 4. cxd5 Nxd5 5. e4 Nxc3 6. bxc3 Bg7 7. Bc4 c5 8.
Ne2 Nc6 9. Be3 O-O 10. O-O Bg4 11. f3 Na5 12. Bxf7+ Rxf7 13. fxg4 Rxf1+ 14.
Kxf1 Nc4 15. Bf2 Qf8 16. Kg1 Qf7 17. d5 b6 18. Qd3 Ne5 19. Qg3 e6 20. Nf4 exd5
21. exd5 Rd8 22. Rd1 Bh6 23. g5 Bg7 24. h3 Nc6 25. Ne6 Rd7 26. Nxg7 Kxg7 27.
Qf3 Qxf3 28. gxf3 Ne7 29. c4 Nf5 30. a4 Rf7 31. Rd3 Nd6 32. Rc3 Rf4 33. Bg3
Rxc4 34. Bxd6 Rxc3 35. Be5+ Kf7 36. Bxc3 Ke7 37. Be5 a6 38. Kf2 b5 39. Ke3 Kd7
40. Kd3 Kc8 41. f4 Kb7 42. axb5 axb5 43. h4 Kb6 44. Kc3 Kb7 45. f5 gxf5 46. h5
b4+ 47. Kc4 f4 48. Bxf4 Ka6 49. Kxc5 b3 50. Be5 Ka5 51. d6 Ka4 52. Bb2 h6 53.
d7 hxg5 54. d8=Q 1-0

[Event "Open A Befana"]
[Site "Milano ITA"]
[Date "2010.01.04"]
[Round "4"]
[White "Arboscelli, Gregorio"]
[Black "Papale, Carmelo"]
[Result "0-1"]
[WhiteElo "1885"]
[BlackElo "1876"]
[PlyCount "92"]
[EventDate "2010.01.02"]

1. Nf3 Nf6 2. d4 c5 3. c3 e6 4. e3 b6 5. Nbd2 Bb7 6. Bd3 Be7 7. Qe2 d5 8. O-O
Nbd7 9. Re1 Ne4 10. Ne5 Nxe5 11. dxe5 O-O 12. f4 f6 13. Nf3 fxe5 14. Nxe5 Bd6
15. Bxe4 Bxe5 16. Bxh7+ Kxh7 17. Qh5+ Kg8 18. Qxe5 Qe7 19. Qh5 Rf6 20. b3 Rh6
21. Qg5 Qf7 22. Re2 Rg6 23. Qh4 Qf5 24. Bb2 Kf7 25. e4 dxe4 26. Rd1 Bc6 27. Rd6
Rg4 28. Qe1 Rc8 29. g3 Ke7 30. Rxc6 Rxc6 31. Rxe4 Rd6 32. c4 g5 33. Be5 Rd3 34.
Kg2 gxf4 35. Bxf4 Rg8 36. Re5 Qxf4 37. Rxe6+ Kd7 38. Re7+ Kc6 39. Qe6+ Rd6 40.
Qxg8 Rd2+ 41. Kh3 Qf5+ 42. g4 Qf1+ 43. Kh4 Qf6+ 44. g5 Rxh2+ 45. Kg4 Rg2+ 46.
Kh5 Qf3+ 0-1

[Event "Open A Befana"]
[Site "Milano ITA"]
[Date "2010.01.04"]
[Round "4"]
[White "Attuati, Stefano"]
[Black "Cazzaniga, Walter"]
[Result "0-1"]
[WhiteElo "1812"]
[BlackElo "2119"]
[PlyCount "90"]
[EventDate "2010.01.02"]

1. e4 e6 2. d4 d5 3. Nc3 Bb4 4. Nge2 dxe4 5. a3 Be7 6. Nxe4 Nd7 7. Bf4 Ngf6 8.
N2g3 O-O 9. Bd3 b6 10. c3 Bb7 11. Qc2 Nd5 12. Ne2 Nxf4 13. Nxf4 e5 14. Ne2 exd4
15. Nxd4 Ne5 16. Be2 Qd5 17. f3 f5 18. Ng3 g6 19. O-O-O Qa2 20. Qb3+ Qxb3 21.
Nxb3 Bg5+ 22. Kc2 c5 23. Nd2 Rad8 24. Nc4 Nxc4 25. Bxc4+ Kg7 26. Rhe1 Bh4 27.
Rxd8 Rxd8 28. Rd1 Rxd1 29. Kxd1 Kf6 30. Nf1 Bf2 31. Ke2 Bg1 32. Kd3 g5 33. h3
Ke5 34. Ke2 h6 35. g3 h5 36. Bf7 h4 37. gxh4 gxh4 38. Bh5 Ba6+ 39. Ke1 Kf4 40.
b3 Bd3 41. b4 cxb4 42. axb4 a5 43. bxa5 bxa5 44. Be8 Kxf3 45. Nd2+ Kg3 0-1

[Event "Open A Befana"]
[Site "Milano ITA"]
[Date "2010.01.04"]
[Round "4"]
[White "Barberi, Alessandro"]
[Black "Damia, Angelo"]
[Result "1/2-1/2"]
[WhiteElo "2112"]
[BlackElo "2315"]
[PlyCount "76"]
[EventDate "2010.01.02"]

1. d4 b6 2. Nf3 Bb7 3. e3 e6 4. Bd3 f5 5. b3 Nf6 6. Bb2 Bxf3 7. Qxf3 d5 8. h3
Bb4+ 9. c3 Bd6 10. g4 g6 11. gxf5 gxf5 12. c4 c6 13. Rg1 Qe7 14. a3 Nbd7 15.
cxd5 cxd5 16. Nd2 Kf7 17. Ke2 Rhg8 18. b4 Rxg1 19. Rxg1 Rg8 20. Rxg8 Kxg8 21.
Qg2+ Qg7 22. Qxg7+ Kxg7 23. f3 Nh5 24. Nb3 Kg6 25. Kf2 Kg5 26. Bc3 Nf8 27. f4+
Kh6 28. Nd2 Ng6 29. Nf3 Be7 30. a4 Bh4+ 31. Nxh4 Nxh4 32. b5 Nf6 33. Bb4 Kg7
34. a5 Nd7 35. Be7 Ng6 36. Bd8 bxa5 37. Bxa5 Ne7 38. Bc7 Nc8 1/2-1/2

[Event "Open A Befana"]
[Site "Milano ITA"]
[Date "2010.01.04"]
[Round "4"]
[White "Bertazzo, Giorgio"]
[Black "Mintenko, Heorhiy"]
[Result "0-1"]
[WhiteElo "2105"]
[BlackElo "2167"]
[PlyCount "122"]
[EventDate "2010.01.02"]

1. e4 c5 2. Nf3 d6 3. d4 cxd4 4. Nxd4 Nf6 5. Nc3 a6 6. Be2 e5 7. Nf3 Be7 8. O-O
b5 9. Bg5 Nbd7 10. a4 b4 11. Nd5 Nxd5 12. Qxd5 Nb6 13. Bxe7 Nxd5 14. Bxd8 Nf4
15. Bc4 Kxd8 16. Bxf7 Bg4 17. Bc4 Bxf3 18. gxf3 a5 19. Kh1 Rf8 20. Rg1 g6 21.
Rae1 Rc8 22. b3 Ke7 23. Re3 Rf6 24. Rc1 g5 25. c3 bxc3 26. Rexc3 h5 27. Bb5
Rxc3 28. Rxc3 Kd8 29. Rc6 h4 30. Ra6 h3 31. Rxa5 Ne6 32. Bc4 Nd4 33. Ra8+ Ke7
34. Rh8 Rxf3 35. Rh7+ Kd8 36. Rh8+ Kc7 37. Rh7+ Kd8 38. Kg1 Rc3 39. f3 Nxf3+
40. Kf2 Nd2 41. a5 Nxc4 42. bxc4 Ra3 43. a6 Rxa6 44. Rxh3 Ke7 45. Rh6 Rc6 46.
Kf3 Rxc4 47. Rg6 Rc3+ 48. Kg4 Rc2 49. h3 Re2 50. Kxg5 Rxe4 51. Rg7+ Ke6 52. h4
Re1 53. Rg6+ Kd5 54. Kf6 Rh1 55. Rh6 Kd4 56. Ke6 e4 57. Kxd6 e3 58. Ke7 e2 59.
Re6 e1=Q 60. Rxe1 Rxe1+ 61. Kf6 Rh1 0-1

[Event "Open A Befana"]
[Site "Milano ITA"]
[Date "2010.01.04"]
[Round "4"]
[White "Bisignano, Giuseppe"]
[Black "Paganini, Andrea"]
[Result "1-0"]
[WhiteElo "1942"]
[BlackElo "1771"]
[PlyCount "87"]
[EventDate "2010.01.02"]

1. e4 Nc6 2. d4 e5 3. d5 Nce7 4. Nf3 Ng6 5. c4 Bb4+ 6. Nbd2 Nf6 7. Qc2 d6 8. a3
Bc5 9. b4 Bd4 10. Nxd4 exd4 11. Nb3 Qe7 12. Bd3 Ne5 13. O-O Nxd3 14. Qxd3 O-O
15. f3 c5 16. dxc6 bxc6 17. Nxd4 c5 18. Nb5 Qe5 19. Ra2 Rd8 20. bxc5 a6 21. Nc3
Be6 22. cxd6 Rxd6 23. Nd5 Nxd5 24. cxd5 Bd7 25. a4 Rg6 26. f4 Qb8 27. Be3 Bh3
28. Rb1 Qc7 29. e5 Qd7 30. Rab2 Rd8 31. Qc4 Bf5 32. Rb7 Qe8 33. R1b6 Rc8 34.
Rc7 Rxb6 35. Bxb6 Rb8 36. a5 h6 37. d6 Bd7 38. Qxa6 Bb5 39. Qa7 Ra8 40. Qb7 Rd8
41. Re7 Qf8 42. Bxd8 Qxd8 43. Qxb5 Qc8 44. Re8+ 1-0

[Event "Open A Befana"]
[Site "Milano ITA"]
[Date "2010.01.04"]
[Round "4"]
[White "Bozzali, Ermanno"]
[Black "Astengo, Corrado"]
[Result "1-0"]
[WhiteElo "2120"]
[BlackElo "2142"]
[PlyCount "63"]
[EventDate "2010.01.02"]

1. e4 c5 2. Nf3 e6 3. c4 Nc6 4. Nc3 e5 5. Be2 d6 6. O-O g6 7. d3 Bg7 8. Nd5 h6
9. Rb1 Nge7 10. a3 O-O 11. b4 b6 12. b5 Nxd5 13. cxd5 Ne7 14. Nd2 f5 15. Nc4 g5
16. a4 Ng6 17. f3 f4 18. g4 h5 19. h3 Qf6 20. Bd2 Kf7 21. Kf2 Rh8 22. Rh1 Bd7
23. a5 hxg4 24. hxg4 Rxh1 25. Qxh1 Rh8 26. Qg2 Nh4 27. Qg1 bxa5 28. Bxa5 Rc8
29. b6 axb6 30. Rxb6 Bf8 31. Rb7 Ke8 32. Qb1 1-0

[Event "Open A Befana"]
[Site "Milano ITA"]
[Date "2010.01.04"]
[Round "4"]
[White "Colombo, Luca"]
[Black "Papa, Angelo"]
[Result "1/2-1/2"]
[WhiteElo "1874"]
[BlackElo "1852"]
[PlyCount "124"]
[EventDate "2010.01.02"]

1. e4 g6 2. Nc3 Bg7 3. d3 e5 4. g3 Nf6 5. Bg2 O-O 6. Nge2 d6 7. O-O c6 8. f4
Qb6+ 9. Kh1 Ng4 10. Qe1 Ne3 11. Bxe3 Qxe3 12. Qf2 exf4 13. gxf4 Qxf2 14. Rxf2
Nd7 15. Nd1 Nf6 16. h3 Bd7 17. Ne3 Rae8 18. Ng3 Bh6 19. Nc4 d5 20. Nd6 Rb8 21.
f5 Be3 22. Rff1 Bd4 23. fxg6 fxg6 24. exd5 cxd5 25. Rxf6 Rxf6 26. Bxd5+ Kg7 27.
Nge4 Rf3 28. Ng5 Rf2 29. c3 Be5 30. Nc4 Bc7 31. Re1 Re8 32. Rxe8 Bxe8 33. Ne6+
Kf6 34. Nxc7 Bd7 35. Bxb7 Bxh3 36. a4 g5 37. Nd5+ Kg6 38. Nde3 h5 39. b4 Be6
40. Ne5+ Kf6 41. d4 g4 42. c4 g3 43. Bg2 Re2 44. Nf1 h4 45. Bf3 Rf2 46. Kg1 Bh3
47. Ng4+ Bxg4 48. Bxg4 Kg5 49. Bc8 Rc2 50. Be6 Kf6 51. Bd5 Rc1 52. Kg2 h3+ 53.
Kxh3 Rxf1 54. Kxg3 Rd1 55. Kf3 Rxd4 56. Ke3 Rd1 57. b5 Ke5 58. a5 Kd6 59. b6
axb6 60. axb6 Kc5 61. b7 Rb1 62. Kf4 Rxb7 1/2-1/2

[Event "Open A Befana"]
[Site "Milano ITA"]
[Date "2010.01.04"]
[Round "4"]
[White "Faccio, Fabio"]
[Black "De Santis, Massimo"]
[Result "0-1"]
[WhiteElo "1937"]
[BlackElo "1893"]
[PlyCount "100"]
[EventDate "2010.01.02"]

1. e4 e5 2. Nf3 Nc6 3. Bb5 a6 4. Ba4 Nf6 5. O-O d6 6. Re1 Bg4 7. c3 b5 8. Bb3
Na5 9. d4 Nxb3 10. axb3 Be7 11. dxe5 Bxf3 12. Qxf3 dxe5 13. Qg3 Qd6 14. Qxg7
Rg8 15. Qh6 Rg6 16. Qe3 Ng4 17. Qf3 Rd8 18. Be3 Nxe3 19. Qxe3 Qd1 20. Na3 Qxb3
21. Qe2 Bc5 22. Red1 Rdd6 23. Qc2 Qxc2 24. Nxc2 Rxd1+ 25. Rxd1 Rf6 26. Ne3 Bxe3
27. fxe3 Ke7 28. Rd5 Re6 29. Kf2 f6 30. Ke2 Rd6 31. Kd3 c6 32. Rxd6 Kxd6 33. b3
a5 34. c4 Kc5 35. cxb5 cxb5 36. Kc3 Kd6 37. g3 Ke7 38. h3 Kf7 39. Kd2 Kg6 40.
Kd3 Kg5 41. Kd2 h5 42. Kd3 Kg6 43. Kd2 Kf7 44. Kc2 Ke6 45. Kd3 Kd6 46. Kc2 Kc5
47. Kc3 a4 48. g4 hxg4 49. hxg4 b4+ 50. Kc2 a3 0-1

[Event "Open A Befana"]
[Site "Milano ITA"]
[Date "2010.01.04"]
[Round "4"]
[White "Gori, Andrea"]
[Black "Astengo, Marcello"]
[Result "0-1"]
[WhiteElo "2173"]
[BlackElo "2104"]
[PlyCount "36"]
[EventDate "2010.01.02"]

1. e4 e6 2. d4 d5 3. Nc3 Nf6 4. Bg5 Bb4 5. e5 h6 6. Bd2 Bxc3 7. bxc3 Ne4 8. Qg4
Kf8 9. h4 c5 10. Rh3 Qb6 11. dxc5 Qb2 12. Rc1 Nd7 13. Qf4 Ndxc5 14. Rf3 f5 15.
exf6 gxf6 16. Ne2 Bd7 17. g4 e5 18. Qxe5 Nd3+ 0-1

[Event "Open A Befana"]
[Site "Milano ITA"]
[Date "2010.01.04"]
[Round "4"]
[White "Jones, Alessandro"]
[Black "Soncin, Denis"]
[Result "1/2-1/2"]
[WhiteElo "1967"]
[BlackElo "2038"]
[PlyCount "49"]
[EventDate "2010.01.02"]

1. d4 Nf6 2. c4 g6 3. Nc3 d5 4. Nf3 Bg7 5. Bg5 Ne4 6. cxd5 Nxc3 7. bxc3 Qxd5 8.
e3 Bg4 9. Be2 c5 10. O-O Nc6 11. Bf4 O-O 12. Rb1 b6 13. h3 Bf5 14. Qb3 Qxb3 15.
Rxb3 Be6 16. Rb2 cxd4 17. cxd4 Na5 18. Ba6 Bc4 19. Bxc4 Nxc4 20. Rc2 Rac8 21.
Rfc1 b5 22. Nd2 Nb6 23. Bc7 Nc4 24. Bf4 Nb6 25. Bc7 1/2-1/2

[Event "Open A Befana"]
[Site "Milano ITA"]
[Date "2010.01.04"]
[Round "4"]
[White "Marchini, Daniele"]
[Black "Gaggino, Davide"]
[Result "1-0"]
[WhiteElo "1802"]
[BlackElo "1939"]
[PlyCount "87"]
[EventDate "2010.01.02"]

1. d4 d5 2. c4 c6 3. Nc3 Nf6 4. Nf3 a6 5. Bf4 dxc4 6. e3 b5 7. a4 Bb7 8. Qc2 e6
9. g3 Bb4 10. Bg2 Nd5 11. Bxb8 Rxb8 12. O-O O-O 13. Ne4 g6 14. Neg5 Be7 15. Nh3
Kg7 16. e4 Nb4 17. Qc3 f6 18. Nf4 Kf7 19. Bh3 Bc8 20. Rad1 Qe8 21. Rfe1 g5 22.
Bg4 Kg7 23. Nxe6+ Bxe6 24. Bxe6 Nd3 25. Re2 Bb4 26. Qc2 Qxe6 27. e5 Qg4 28.
exf6+ Rxf6 29. Ne5 Qxd4 30. Nxd3 cxd3 31. Rxd3 Qg4 32. axb5 axb5 33. Qd1 Kh6
34. Rd4 Rf4 35. Rxb4 Rxb4 36. Qd6+ Kh5 37. Re6 Qf5 38. Rh6+ Kg4 39. Qxb4+ Kf3
40. Qc3+ Ke2 41. Qe3+ Kd1 42. Rd6+ Kc2 43. Qc3+ Kb1 44. Rd1+ 1-0

[Event "Open A Befana"]
[Site "Milano ITA"]
[Date "2010.01.04"]
[Round "4"]
[White "Nepi, Ezio"]
[Black "Santelli, Francesco"]
[Result "0-1"]
[WhiteElo "1862"]
[BlackElo "1824"]
[PlyCount "78"]
[EventDate "2010.01.02"]

1. d4 Nf6 2. c4 e5 3. dxe5 Ng4 4. e3 Nxe5 5. Nc3 Bb4 6. f4 Ng6 7. Bd3 d6 8. a3
Bxc3+ 9. bxc3 Nd7 10. Nf3 b6 11. Be4 Rb8 12. Qc2 Qe7 13. O-O O-O 14. Nd4 Bb7
15. Nc6 Bxc6 16. Bxc6 Nc5 17. a4 a5 18. Bd2 f5 19. Rf3 Qf6 20. Bd5+ Kh8 21. Rh3
Rbe8 22. Rf1 Ne7 23. Bf3 g6 24. e4 fxe4 25. Bxe4 Nxe4 26. Qxe4 Nf5 27. Qd3 Kg8
28. Kh1 Ng7 29. g4 Qe6 30. Qd5 Kh8 31. Qg5 Qe2 32. Rg1 Qxd2 33. Qxg6 Kg8 34.
Rxh7 Qxc3 35. Rg3 Qe1+ 36. Kg2 Qe4+ 37. Qxe4 Rxe4 38. Rgh3 Rexf4 39. Kg1 Rxg4+
0-1

[Event "Open A Befana"]
[Site "Milano ITA"]
[Date "2010.01.04"]
[Round "4"]
[White "Pace, Pietro Dario"]
[Black "Gagliardi, Christian"]
[Result "1/2-1/2"]
[WhiteElo "2253"]
[BlackElo "2222"]
[PlyCount "47"]
[EventDate "2010.01.02"]

1. e4 c5 2. Nf3 Nc6 3. c3 d5 4. exd5 Qxd5 5. d4 e6 6. Be2 Nf6 7. O-O cxd4 8.
cxd4 Be7 9. Nc3 Qd6 10. h3 O-O 11. Be3 a6 12. Qd2 b5 13. Rad1 Bb7 14. Bf4 Qd8
15. a3 Re8 16. Bd3 Na5 17. Qe2 Nd5 18. Bd2 Nxc3 19. Bxc3 Bd5 20. Ne5 g6 21. Bd2
Nc4 22. Bh6 Rc8 23. Qg4 f5 24. Qe2 1/2-1/2

[Event "Open A Befana"]
[Site "Milano ITA"]
[Date "2010.01.04"]
[Round "4"]
[White "Parenti, Davide"]
[Black "Acunzo, Domenico"]
[Result "0-1"]
[WhiteElo "2037"]
[BlackElo "1806"]
[PlyCount "48"]
[EventDate "2010.01.02"]

1. d4 e6 2. c4 f5 3. g3 Nf6 4. Bg2 d5 5. Nf3 Bd6 6. O-O O-O 7. b3 c6 8. Nbd2 b6
9. Bb2 Bb7 10. Qc2 Ne4 11. Ne5 Nd7 12. Nxe4 fxe4 13. f3 Nxe5 14. dxe5 Bc5+ 15.
Kh1 exf3 16. Rxf3 Rxf3 17. Bxf3 Qg5 18. cxd5 cxd5 19. Qc1 Qe7 20. Qf4 Rf8 21.
Qa4 d4 22. Rf1 d3 23. e4 d2 24. Kg2 Rxf3 0-1

[Event "Open A Befana"]
[Site "Milano ITA"]
[Date "2010.01.04"]
[Round "4"]
[White "Pelizzola, Danilo"]
[Black "Tagliaferri, Valerio"]
[Result "1-0"]
[WhiteElo "2077"]
[BlackElo "1861"]
[PlyCount "42"]
[EventDate "2010.01.02"]

1. e4 e5 2. Nf3 Nc6 3. Bb5 a6 4. Ba4 Nf6 5. O-O b5 6. Bb3 Be7 7. Re1 O-O 8. c3
d6 9. h3 Na5 10. Bc2 c5 11. d4 Qc7 12. Nbd2 Bb7 13. d5 Rab8 14. b3 Bc8 15. Nf1
Re8 16. Ng3 g6 17. Be3 Bd7 18. Qd2 Kh8 19. Ng5 Rf8 20. Rad1 Nb7 21. f4 Ng8 1-0

[Event "Open A Befana"]
[Site "Milano ITA"]
[Date "2010.01.04"]
[Round "4"]
[White "Perrotta, Leopoldo"]
[Black "Corti, Massimo"]
[Result "1-0"]
[WhiteElo "1855"]
[BlackElo "2025"]
[PlyCount "59"]
[EventDate "2010.01.02"]

1. d4 Nf6 2. c4 g6 3. Nc3 Bg7 4. e4 d6 5. Nf3 O-O 6. Be2 e5 7. Be3 Nc6 8. d5
Ne7 9. O-O Ng4 10. Bg5 f6 11. Bh4 g5 12. Bg3 Nh6 13. Nd2 f5 14. f3 Rf7 15. Bf2
Bf8 16. c5 f4 17. cxd6 cxd6 18. Rc1 Ng6 19. Nb5 a6 20. Na3 b5 21. Nc2 Rg7 22.
Nb4 Nh4 23. Qc2 g4 24. Bxh4 Qxh4 25. fxg4 Nxg4 26. Bxg4 Bxg4 27. Nf3 Qh5 28.
Kh1 Rg6 29. Qf2 Ra7 30. Qxa7 1-0

[Event "Open A Befana"]
[Site "Milano ITA"]
[Date "2010.01.04"]
[Round "4"]
[White "Radice, Luca"]
[Black "Orsi, Matteo"]
[Result "1-0"]
[WhiteElo "2084"]
[BlackElo "1950"]
[PlyCount "83"]
[EventDate "2010.01.02"]

1. Nf3 d5 2. d4 c6 3. e3 Nf6 4. Bd3 g6 5. O-O Bf5 6. Bxf5 gxf5 7. c4 dxc4 8.
Qc2 e6 9. Qxc4 Bd6 10. Bd2 Qe7 11. Ne5 Ng4 12. f4 h5 13. h3 Nf6 14. Nc3 Nbd7
15. Qe2 Nb6 16. e4 O-O-O 17. exf5 exf5 18. Rae1 Rhe8 19. Qd3 Ne4 20. Nxe4 fxe4
21. Qxe4 f6 22. Qf5+ Qe6 23. Qxe6+ Rxe6 24. Nf7 Rxe1 25. Rxe1 Rd7 26. Nxd6+
Rxd6 27. Bc3 Kd7 28. Kf2 Nd5 29. f5 b5 30. a3 Nf4 31. Re4 Nd3+ 32. Ke3 Nc1 33.
Rh4 c5 34. dxc5 Rd3+ 35. Kf2 Nb3 36. Rxh5 Nxc5 37. Rh7+ Kc6 38. Rxa7 Ne4+ 39.
Ke2 Rg3 40. Kf1 Kd5 41. Rd7+ Kc6 42. Rf7 1-0

[Event "Open A Befana"]
[Site "Milano ITA"]
[Date "2010.01.04"]
[Round "4"]
[White "Rota, Simone"]
[Black "Bemporad, Filippo"]
[Result "1-0"]
[WhiteElo "2024"]
[BlackElo "2081"]
[PlyCount "59"]
[EventDate "2010.01.02"]

1. d4 d5 2. c4 c6 3. Nf3 Nf6 4. Nc3 g6 5. cxd5 cxd5 6. Bf4 Bg7 7. e3 O-O 8. Bd3
Nc6 9. h3 b6 10. O-O Bb7 11. Rc1 Rc8 12. Qa4 a6 13. b4 b5 14. Qb3 e6 15. a4
bxa4 16. Nxa4 Nb8 17. Nc5 Qb6 18. Qa3 Rfd8 19. Ra1 Ne8 20. Qa5 Qa7 21. b5 Bf8
22. Nxa6 Bxa6 23. b6 Qb7 24. Bxa6 Nxa6 25. Qxa6 Qxa6 26. Rxa6 Bd6 27. Ne5 Bxe5
28. Bxe5 Nd6 29. Bxd6 Rxd6 30. b7 1-0

[Event "Open A Befana"]
[Site "Milano ITA"]
[Date "2010.01.04"]
[Round "4"]
[White "Scagliotti, Guglielmo"]
[Black "Rossi, Giampiero"]
[Result "0-1"]
[WhiteElo "1817"]
[BlackElo "1922"]
[PlyCount "100"]
[EventDate "2010.01.02"]

1. d4 d5 2. c4 e6 3. Nc3 c6 4. e4 dxe4 5. Nxe4 Bb4+ 6. Bd2 Qxd4 7. Bxb4 Qxe4+
8. Be2 c5 9. Bxc5 Qxg2 10. Qd6 Nd7 11. O-O-O Qc6 12. Qxc6 bxc6 13. Bd4 f6 14.
Bf3 Ne7 15. b4 Rb8 16. Bc3 Nb6 17. b5 cxb5 18. c5 Nbd5 19. Ba5 Bb7 20. Rd2 Kf7
21. Ne2 Rhc8 22. Rc2 Nc6 23. Bxd5 Nxa5 24. Bxb7 Rxb7 25. Nd4 Nc6 26. Nb3 a5 27.
Kb1 a4 28. Nd2 f5 29. Nf3 h6 30. Rd1 Ke7 31. Nh4 g5 32. Ng2 Rd7 33. Re1 f4 34.
Rce2 Nd4 35. Re5 Rdc7 36. R5e4 Rd8 37. Rc1 Kf6 38. Rd1 Nc6 39. Rde1 e5 40. h4
Rd4 41. hxg5+ hxg5 42. R4e2 Rcd7 43. Rc1 b4 44. Ree1 a3 45. Rh1 Kg6 46. Ne1 Rd2
47. Rh2 Rb2+ 48. Ka1 Rdd2 49. Nd3 Rxd3 50. Rhh1 Nd4 0-1

[Event "Open A Befana"]
[Site "Milano ITA"]
[Date "2010.01.04"]
[Round "4"]
[White "Vallone, Ugo"]
[Black "Marinone, Lucio"]
[Result "0-1"]
[WhiteElo "1919"]
[BlackElo "1997"]
[PlyCount "114"]
[EventDate "2010.01.02"]

1. Nf3 Nf6 2. b4 g6 3. Bb2 Bg7 4. g4 d6 5. g5 Nh5 6. Bxg7 Nxg7 7. d4 O-O 8.
Nbd2 c5 9. c3 cxb4 10. cxb4 Qb6 11. a3 Be6 12. e4 Rc8 13. h3 d5 14. Rc1 Nd7 15.
e5 a5 16. b5 Nf5 17. Rxc8+ Rxc8 18. Qa1 Qc7 19. Bd3 Qc3 20. Ke2 Nb6 21. Qxc3
Rxc3 22. Nb1 Rc8 23. Rd1 Bd7 24. Nbd2 Na4 25. Ra1 Nc3+ 26. Ke1 Bxb5 27. Bxf5
gxf5 28. Nh4 Bd7 29. Ng2 Ne4 30. Ne3 e6 31. Rb1 b5 32. Nb3 a4 33. Nd2 Nxg5 34.
f3 Nxh3 35. Ng2 Ng5 36. Nf4 h6 37. Ne2 Nh7 38. Rc1 Rxc1+ 39. Nxc1 f6 40. Nd3
fxe5 41. dxe5 Kf7 42. f4 Nf8 43. Kf2 Be8 44. Nf3 Nd7 45. Nd4 Nb6 46. Nc5 Nc4
47. Ncxe6 Nxa3 48. Nc7 Nc4 49. Nxd5 a3 50. Nb4 Bd7 51. Kg3 Ne3 52. Kf3 Nd5 53.
Nxd5 a2 54. Nc2 Bc6 55. Ke3 Bxd5 56. Kd4 Bc4 57. Kc5 h5 0-1

[Event "Open A Befana"]
[Site "Milano ITA"]
[Date "2010.01.05"]
[Round "5"]
[White "Acunzo, Domenico"]
[Black "Radice, Luca"]
[Result "0-1"]
[WhiteElo "1806"]
[BlackElo "2084"]
[PlyCount "60"]
[EventDate "2010.01.02"]

1. e4 e6 2. d4 d5 3. Nc3 Bb4 4. e5 Qd7 5. a3 Bxc3+ 6. bxc3 b6 7. a4 Ba6 8. Bxa6
Nxa6 9. Qd3 Nb8 10. f4 Nc6 11. Nf3 Nh6 12. O-O Na5 13. Nd2 O-O-O 14. Nb3 Nc4
15. a5 Qc6 16. axb6 axb6 17. Ba3 Nf5 18. Bb4 h5 19. Ra7 Kd7 20. Rfa1 Ra8 21.
Nd2 Rxa7 22. Rxa7 Nxd2 23. Qxd2 Ra8 24. Rxa8 Qxa8 25. Kf2 Qa1 26. Qd3 Kc6 27.
h3 h4 28. Qd2 Ng3 29. Kf3 Qf1+ 30. Qf2 Qd1+ 0-1

[Event "Open A Befana"]
[Site "Milano ITA"]
[Date "2010.01.05"]
[Round "5"]
[White "Arboscelli, Gregorio"]
[Black "Scagliotti, Guglielmo"]
[Result "1/2-1/2"]
[WhiteElo "1885"]
[BlackElo "1817"]
[PlyCount "69"]
[EventDate "2010.01.02"]

1. d4 Nf6 2. c4 g6 3. Nc3 Bg7 4. e4 d6 5. f3 O-O 6. Be3 Nc6 7. Qd2 e5 8. Nge2
a6 9. O-O-O Rb8 10. d5 Ne7 11. g4 b5 12. Ng3 b4 13. Nce2 Ne8 14. h4 c6 15. h5
cxd5 16. cxd5 Qa5 17. Kb1 f6 18. hxg6 hxg6 19. Bh6 Kf7 20. Bxg7 Nxg7 21. Nc1
Bd7 22. Nb3 Qb6 23. Rh2 Rh8 24. Rf2 Rbc8 25. Rc1 Rxc1+ 26. Nxc1 a5 27. b3 Nc8
28. f4 Bxg4 29. fxe5 dxe5 30. Nd3 Qd4 31. Qg5 f5 32. exf5 Bxf5 33. Nxf5 Nxf5
34. Rxf5+ gxf5 35. Qxf5+ 1/2-1/2